Six Letter Geography - S #2 - Statistics

General Stats
  • This quiz has been taken 12 times
  • The average score is 8 of 10
Answer Stats
Hint Answer % Correct
Former capital of Vietnam Saigon
100%
Largest Island in the Mediterranean Sicily
100%
Element that Argentina was named for Silver
100%
The second season of the year Spring
100%
Season that comes after that Summer
100%
A place in Central London Trafalgar {Square}
100%
Longest river in the United Kingdom Severn
82%
Biggest of the Mariana Islands Saipan
36%
Coastal city and port in São Paulo state Santos
27%
Large city and federal subject in Russia Samara
18%
No matching quizzes found
Score Distribution
Percent of People with Each Score
Percentile by Number Answered
Your Score History
You have not taken this quiz